Marxism and media studies : (Record no. 142718)

MARC details
000 -LEADER
fixed length control field 00619nam a22001937a 4500
005 - DATE AND TIME OF LATEST TRANSACTION
control field 20170720142044.0
010 ## - LCCN (DPL NO)
LC control number ENG-119296
020 ## - INTERNATIONAL STANDARD BOOK NUMBER
International Standard Book Number 9789350020173
Terms of availability 595.00
035 ## - SYSTEM CONTROL NUMBER
System control number EN-102828
037 ## - SOURCE OF ACQUISITION
Source of stock number/acquisition DBAD/PUB
082 ## - DEWEY DECIMAL CLASSIFICATION NUMBER
Classification number 302.2301
100 ## - MAIN ENTRY--PERSONAL NAME
Personal name Wayne,Mike
245 ## - TITLE STATEMENT
Title Marxism and media studies :
Statement of responsibility, etc by Mike Wayne
Remainder of title key concepts and contemporary trends /
260 ## - PUBLICATION, DISTRIBUTION, ETC. (IMPRINT)
Place of publication, distribution, etc Delhi
Name of publisher, distributor, etc Aakar Books
Date of publication, distribution, etc 2009
270 ## - ADDRESS
Address 28 E pocket IV, mayur vihar phase-I
City Delhi
Postal code 110091
300 ## - PHYSICAL DESCRIPTION
Extent x,289p.
Dimensions 22cm(Hb)
500 ## - GENERAL NOTE
General note Includes bibliographical references and indexes
942 ## - ADDED ENTRY ELEMENTS (KOHA)
Source of classification or shelving scheme Dewey Decimal Classification
Item type English Books
Classification part 302.2301
Call number suffix WAY
Holdings
Withdrawn status Lost status Not for loan Collection code Home library Current library Date acquired Source of acquisition Cost, normal purchase price Full call number Barcode Copy number Cost, replacement price Koha item type
    Not For Loan Non-fiction D.B.Act.Division Bawana 20/07/2017 DBAD/PUB 595.00 302.2301 WAY EN-102828 1 595.00 English Books

© Delhi Public Library
Hit Counter
free hit counter